000
00284nam a22000857a 4500
008
15041b xxu||||| |||| 00| 0 eng d
020
_a
978-0-14103340-2
_c
Available
245
_a
Where Good Ideas Come From The Seven Patterns of Innovation
_c
Johnson Steven
260
_a
India
_b
Penguin Books
_c
2010
999
_c
24775
_d
24775